| 000 | 01025nam a22002897a 4500 | ||
|---|---|---|---|
| 001 | BR9805123 | ||
| 003 | BR-BrBNA | ||
| 005 | 20230928100121.0 | ||
| 007 | ta | ||
| 008 | 230509b bl.||||| |||| 00| 0 por d | ||
| 040 |
_aBR-BrBNA _bpor _cBiblioteca Nacional de Agricultura |
||
| 041 | _a(Por) | ||
| 072 |
_aF30 _b0336 _b3568 |
||
| 090 | _ 0336 BR9805123 | ||
| 100 | 1 | _aFigueiredo, J.E.F. | |
| 110 | 1 |
_aUniversidade Federal de Minas Gerais, Belo Horizonte (Brasil). Inst. de Ciencias Biologicas. Depto. de Bioquimica e Imunologia _0Tese (Doutor em Ciencias) _910855 |
|
| 245 | 1 | _aDeterminacao da interacao BiP ("Binding Protein")proteina de reserva e isolamento de clones de cDNA e genomicos de BiP da soja [Glycine max (L.)Merrill] | |
| 260 | 3 |
_aBelo Horizonte, MG (Brasil): _c1998. |
|
| 300 | _a192 p. | ||
| 500 | _a31 illus.; Bibliography p. 160-187; Summaries (Eng, Por) | ||
| 650 | _aSoja | ||
| 650 | _aClone | ||
| 650 | _aProteina | ||
| 650 | _aDNA | ||
| 909 |
_a202309 _bLucia _c55 _dLucia Elande |
||
| 942 | _cBK | ||
| 999 |
_c60411 _d60411 |
||